00423 2200181 4500001002100000005001500021008004100036020002000077035001900097041000700116082001000123090001600133100001500149245002700164260001100191300002500202650001400227INLIS00000000000265720241224112558241224||||||||| | ||| |||| || |  a978-979-1362-05 0010-1224002657 aid0 a796.3 a796.3 AGU b0 aAgus Salim00aBuku Pintar Tenis Meja bJembar a101 hlm;14.5 x 21 cm 0aOlah Raga